[Event "Spakenburg FishPartners op"]
[Site "Spakenburg"]
[Date "2022.07.02"]
[Round "5"]
[White "Dekker, Andries"]
[Black "De Jager, Jaap"]
[Result "0-1"]
[WhiteElo "2090"]
[BlackElo "2418"]
[PlyCount "65"]
[EventDate "2022.07.02"]
[EventType "swiss"]
[EventRounds "7"]
[EventCountry "NED"]
[SourceTitle "EXT 2023"]
[Source "ChessBase"]
[SourceDate "2022.10.05"]
[SourceVersion "1"]
[SourceVersionDate "2022.10.05"]
[SourceQuality "1"]

1. d4 d5 2. Nf3 e6 3. c4 c6 4. e3 Nf6 5. Be2 dxc4 6. a4 b5 7. 0-0 Bb7 8. b3 b4 9. Bxc4 a5 10. Qc2 Nbd7 11. Bb2 Be7 12. Nbd2 0-0 13. Bd3 h6 14. Ne4 Nxe4 15. Bxe4 Nf6 16. Bd3 Rc8 17. Qe2 c5 18. dxc5 Bxc5 19. Rfd1 Qe7 20. Ne5 Rfd8 21. Rac1 Bd6 22. h3 Nd5 23. Bc4 Nc3 24. Bxc3 bxc3 25. Nd3 Bb4 26. Qg4 Rd6 27. Nf4 Rcd8 28. Rxd6 Rxd6 29. Rd1 c2 30. Rc1 Be4 31. Nh5 f5 32. Qg6 Qf7 33. Ra1 0-1

[Event "NED-ch blitz 5th"]
[Site "Amstelveen"]
[Date "2019.11.30"]
[Round "30"]
[White "De Jager, Jaap"]
[Black "Lai, Hing Ting"]
[Result "0-1"]
[WhiteElo "2437"]
[BlackElo "2455"]
[PlyCount "76"]
[EventDate "2019.11.30"]
[EventType "swiss (blitz)"]
[EventRounds "30"]
[EventCountry "NED"]
[SourceTitle "CBM 193 Extra"]
[Source "ChessBase"]
[SourceDate "2020.01.31"]
[SourceVersion "1"]
[SourceVersionDate "2020.01.31"]
[SourceQuality "1"]

1. c4 e6 2. Nc3 Nf6 3. Nf3 d5 4. e3 Bd6 5. b3 0-0 6. Bb2 c5 7. cxd5 exd5 8. d4 Nc6 9. Bb5 cxd4 10. Nxd4 Bd7 11. Nf3 Qe7 12. 0-0 a6 13. Be2 Be6 14. Rc1 Rad8 15. Nd4 Bd7 16. Nxc6 bxc6 17. Bf3 h5 18. g3 h4 19. Ne2 Rfe8 20. Nf4 hxg3 21. hxg3 Be5 22. Qc2 Ne4 23. Bxe4 dxe4 24. Bxe5 Qxe5 25. Qc5 Qf6 26. Rfd1 Bg4 27. Rd4 Rxd4 28. Qxd4 Qh6 29. Ng2 Qh3 30. Nf4 Qh6 31. Ng2 Bf3 32. Nh4 Bg4 33. Rc5 Qe6 34. Qc3 Qd7 35. Rxc6 Qd1+ 36. Kh2 Qf1 37. Qc2 Bf3 38. Nxf3 exf3 0-1

[Event "NED-ch blitz 5th"]
[Site "Amstelveen"]
[Date "2019.11.30"]
[Round "22"]
[White "De Jager, Jaap"]
[Black "Zwirs, Nico"]
[Result "1-0"]
[WhiteElo "2437"]
[BlackElo "2420"]
[PlyCount "87"]
[EventDate "2019.11.30"]
[EventType "swiss (blitz)"]
[EventRounds "30"]
[EventCountry "NED"]
[SourceTitle "CBM 193 Extra"]
[Source "ChessBase"]
[SourceDate "2020.01.31"]
[SourceVersion "1"]
[SourceVersionDate "2020.01.31"]
[SourceQuality "1"]

1. c4 e6 2. Nc3 d5 3. e3 Nf6 4. Nf3 Bd6 5. b3 0-0 6. Bb2 c6 7. Qc2 Nbd7 8. Rg1 e5 9. cxd5 Nxd5 10. Ne4 Bc7 11. g4 Re8 12. Be2 Nf8 13. h4 Nb4 14. Qb1 b6 15. a3 Nd5 16. Qc2 c5 17. g5 Bb7 18. h5 Rc8 19. Bb5 Re6 20. Bc4 Bb8 21. Nh4 a6 22. Nf5 b5 23. Be2 Qd7 24. d3 Qc7 25. Rc1 Qb6 26. Kf1 Ba7 27. Rg4 Qd8 28. Kg2 Qd7 29. Rg1 Ree8 30. Nh6+ gxh6 31. gxh6+ Ng6 32. hxg6 fxg6 33. Kf1 Re6 34. Rg5 Qe7 35. Bg4 Bb8 36. Bxe6+ Qxe6 37. Qe2 Rf8 38. Ke1 Bc7 39. Qg4 Ba5+ 40. Ke2 Qe7 41. Rxg6+ hxg6 42. Qxg6+ Kh8 43. h7 c4 44. Qg8+ 1-0

[Event "NED-ch blitz 5th"]
[Site "Amstelveen"]
[Date "2019.11.30"]
[Round "29"]
[White "Lai, Hing Ting"]
[Black "De Jager, Jaap"]
[Result "1-0"]
[WhiteElo "2455"]
[BlackElo "2437"]
[PlyCount "47"]
[EventDate "2019.11.30"]
[EventType "swiss (blitz)"]
[EventRounds "30"]
[EventCountry "NED"]
[SourceTitle "CBM 193 Extra"]
[Source "ChessBase"]
[SourceDate "2020.01.31"]
[SourceVersion "1"]
[SourceVersionDate "2020.01.31"]
[SourceQuality "1"]

1. b3 e5 2. Bb2 Nc6 3. c4 g6 4. g3 Bg7 5. Bg2 f5 6. e3 Nge7 7. Ne2 d5 8. cxd5 Nxd5 9. a3 0-0 10. d3 Be6 11. 0-0 Qd7 12. Qc2 Rfd8 13. Rd1 Rac8 14. Nd2 Qf7 15. b4 Ndxb4 16. axb4 Nxb4 17. Qb1 Nxd3 18. Rxa7 Nxb2 19. Qxb2 e4 20. Qb1 b6 21. Nf4 Ra8 22. Nxe6 Qxe6 23. Rxc7 Ra1 24. Rxg7+ 1-0

[Event "Haarlem Masters"]
[Site "Haarlem"]
[Date "2017.10.26"]
[Round "6"]
[White "Schleining, Zoya"]
[Black "De Jager, Jaap"]
[Result "1/2-1/2"]
[WhiteElo "2377"]
[BlackElo "2423"]
[PlyCount "43"]
[EventDate "2017.10.21"]
[EventType "tourn"]
[EventRounds "9"]
[EventCountry "NED"]
[EventCategory "4"]
[SourceTitle "CBM 181 Extra"]
[Source "ChessBase"]
[SourceDate "2017.12.12"]
[SourceVersion "1"]
[SourceVersionDate "2017.12.12"]
[SourceQuality "1"]

1. Nf3 Nf6 2. c4 c5 3. Nc3 Nc6 4. d4 cxd4 5. Nxd4 g6 6. e4 d6 7. Be2 Bg7 8. Be3 0-0 9. Qd2 Qa5 10. f3 Nxd4 11. Bxd4 Be6 12. Rc1 Rfc8 13. b3 Nd7 14. Be3 a6 15. Nd5 Qxd2+ 16. Kxd2 Bxd5 17. exd5 a5 18. Rc2 b6 19. Rb1 Rc7 20. a3 Rb8 21. g4 h6 22. h4 1/2-1/2

[Event "Haarlem Masters"]
[Site "Haarlem"]
[Date "2016.10.20"]
[Round "6"]
[White "De Jager, Jaap"]
[Black "Lopez, Jasel"]
[Result "1/2-1/2"]
[WhiteElo "2417"]
[BlackElo "2233"]
[PlyCount "93"]
[EventDate "2016.10.15"]
[EventType "tourn"]
[EventRounds "9"]
[EventCountry "NED"]
[EventCategory "4"]
[SourceTitle "EXT 2017"]
[Source "ChessBase"]
[SourceDate "2016.10.25"]
[SourceVersion "1"]
[SourceVersionDate "2016.10.25"]
[SourceQuality "1"]

1. Nf3 d5 2. c4 c6 3. e3 Nf6 4. Nc3 e6 5. b3 Nbd7 6. Qc2 a6 7. Bb2 Bd6 8. Rg1 Qe7 9. g4 h5 10. h3 hxg4 11. hxg4 Ne5 12. Nxe5 Bxe5 13. g5 Nd7 14. f4 Bd6 15. 0-0-0 b5 16. cxd5 cxd5 17. Kb1 Bb7 18. Bg2 Rh2 19. Ne2 Rc8 20. Qd3 f6 21. gxf6 gxf6 22. Bf3 Kd8 23. Rh1 Rxh1 24. Rxh1 f5 25. Nd4 Kc7 26. Rh6 Nf8 27. Qe2 Ba3 28. Bxa3 Qxa3 29. Qxb5 Kb8 30. Qf1 a5 31. Be2 a4 32. Qd1 axb3 33. Nxb3 Ba6 34. Bxa6 Qxa6 35. d4 Nd7 36. Rh2 Rc3 37. Rh8+ Kc7 38. Rh7 Kd6 39. Qd2 Qf1+ 40. Kb2 Rc4 41. Qa5 Qe2+ 42. Ka3 Qxe3 43. Qb5 Rc6 44. Qb7 Rc7 45. Qb4+ Kc6 46. Qa4+ Kd6 47. Qb4+ 1/2-1/2

[Event "Haarlem Masters"]
[Site "Haarlem"]
[Date "2015.10.18"]
[Round "2"]
[White "Klekowski, Maciej"]
[Black "De Jager, Jaap"]
[Result "1-0"]
[WhiteElo "2486"]
[BlackElo "2415"]
[PlyCount "167"]
[EventDate "2015.10.17"]
[EventType "tourn"]
[EventRounds "9"]
[EventCountry "NED"]
[EventCategory "5"]
[SourceTitle "CBM 168 Extra"]
[Source "ChessBase"]
[SourceDate "2015.10.29"]
[SourceVersion "1"]
[SourceVersionDate "2015.10.29"]
[SourceQuality "1"]

1. Nf3 f5 2. d4 e6 3. c4 Nf6 4. Nc3 c6 5. Bg5 h6 6. Bxf6 Qxf6 7. e4 Be7 8. e5 Qf7 9. Be2 0-0 10. 0-0 b6 11. a3 Bb7 12. b4 Na6 13. Rb1 Nc7 14. a4 Rfb8 15. c5 Qe8 16. Nd2 bxc5 17. bxc5 Nd5 18. Nxd5 cxd5 19. Qc2 Qc8 20. Rb3 Bd8 21. Rfb1 Bc6 22. Ba6 Rxb3 23. Bxc8 Rxb1+ 24. Qxb1 Rxc8 25. Nf1 a5 26. g4 fxg4 27. Ng3 Be7 28. Qd1 Rf8 29. Kg2 Bd8 30. Qc2 Rf4 31. Qg6 Rf7 32. Qc2 Rf4 33. h3 gxh3+ 34. Kxh3 Be7 35. Qd2 Rh4+ 36. Kg2 Bxa4 37. Ne2 Bb5 38. Ng3 a4 39. f4 g6 40. Qb4 Bc6 41. Qb8+ Bf8 42. Kf3 a3 43. Qb3 h5 44. Qxa3 Bh6 45. f5 gxf5 46. Qa5 Bg5 47. Qb4 Kg7 48. Qb8 Rh3 49. Kg2 Rxg3+ 50. Kxg3 Kh6 51. Qg8 Bb5 52. Kf3 Bc6 53. Qb8 Kg6 54. Ke2 Kh6 55. Qh8+ Kg6 56. Qg8+ Kh6 57. Kd3 Bb5+ 58. Kc3 Bc6 59. Kb4 Bd2+ 60. Kb3 Bg5 61. Kc3 Bh4 62. Qg2 Bg5 63. Kb4 Kg6 64. Ka5 Kh6 65. Ka6 Kg6 66. Kb6 Kh6 67. Kc7 Kg6 68. Kd6 Kh6 69. Qb2 Kg6 70. Qb8 Kh6 71. Qh8+ Kg6 72. Qg8+ Kh6 73. Qf7 Bh4 74. Qf6+ Bxf6 75. exf6 Kg6 76. Ke7 h4 77. f7 h3 78. f8Q Kg5 79. Qg7+ Kf4 80. Kd6 Bb5 81. Qe5+ Kf3 82. Qh2 Ke4 83. Qxh3 Kxd4 84. Qb3 1-0

[Event "Haarlem BDO-B 9th"]
[Site "Haarlem"]
[Date "2013.08.23"]
[Round "7"]
[White "Tan, Justin Hy"]
[Black "De Jager, Jaap"]
[Result "1/2-1/2"]
[WhiteElo "2322"]
[BlackElo "2404"]
[PlyCount "65"]
[EventDate "2013.08.17"]
[EventType "tourn"]
[EventRounds "9"]
[EventCountry "NED"]
[EventCategory "4"]
[SourceTitle "CBM 156 Extra"]
[Source "ChessBase"]
[SourceDate "2013.10.22"]
[SourceVersion "1"]
[SourceVersionDate "2013.10.22"]
[SourceQuality "1"]

1. e4 Nf6 2. e5 Nd5 3. d4 d6 4. Nf3 Bg4 5. Be2 c6 6. c4 Nb6 7. Nbd2 N8d7 8. exd6 exd6 9. 0-0 Be7 10. h3 Bh5 11. Qb3 0-0 12. a4 a5 13. Nb1 Re8 14. Nc3 Nb8 15. Rd1 Na6 16. c5 dxc5 17. Ne5 c4 18. Bxc4 Nxc4 19. Qxc4 Bb4 20. Rd3 Bxc3 21. bxc3 Qd5 22. Qxd5 cxd5 23. Re3 f6 24. Nd3 Rxe3 25. fxe3 Be8 26. Bd2 g5 27. Nb2 Rc8 28. Kf2 Rc6 29. c4 dxc4 30. Rc1 c3 31. Rxc3 Nb4 32. Rxc6 Bxc6 33. e4 1/2-1/2

[Event "Haarlem BDO-A"]
[Site "Haarlem"]
[Date "2012.09.01"]
[Round "8"]
[White "Burg, Twan"]
[Black "De Jager, Jaap"]
[Result "1/2-1/2"]
[WhiteElo "2471"]
[BlackElo "2404"]
[PlyCount "67"]
[EventDate "2012.08.25"]
[EventType "tourn"]
[EventRounds "9"]
[EventCountry "NED"]
[EventCategory "10"]
[SourceTitle "CBM 150 Extra"]
[Source "ChessBase"]
[SourceDate "2012.10.19"]
[SourceVersion "1"]
[SourceVersionDate "2012.10.19"]
[SourceQuality "1"]

1. e4 Nf6 2. e5 Nd5 3. d4 d6 4. Nf3 dxe5 5. Nxe5 c6 6. Be2 Bf5 7. 0-0 Nd7 8. Bd3 Bxd3 9. Nxd3 e6 10. c4 N5f6 11. Nc3 Be7 12. b3 0-0 13. Qf3 Re8 14. Bf4 Qa5 15. Ne5 Nxe5 16. dxe5 Bb4 17. Ne2 Nd7 18. a3 Be7 19. b4 Qc7 20. Qc3 a5 21. Nd4 Red8 22. Nb3 axb4 23. axb4 Nf8 24. Be3 h6 25. Bd4 b6 26. Qe3 Rxa1 27. Rxa1 c5 28. bxc5 bxc5 29. Bxc5 Bxc5 30. Qxc5 Qxc5 31. Nxc5 Rc8 32. Ne4 Rxc4 33. Nd6 Rd4 34. g3 1/2-1/2

[Event "Haarlem BDO-A"]
[Site "Haarlem"]
[Date "2012.08.28"]
[Round "4"]
[White "De Jager, Jaap"]
[Black "Vaibhav, Suri"]
[Result "0-1"]
[WhiteElo "2404"]
[BlackElo "2502"]
[PlyCount "72"]
[EventDate "2012.08.25"]
[EventType "tourn"]
[EventRounds "9"]
[EventCountry "NED"]
[EventCategory "10"]
[SourceTitle "CBM 150 Extra"]
[Source "ChessBase"]
[SourceDate "2012.10.19"]
[SourceVersion "1"]
[SourceVersionDate "2012.10.19"]
[SourceQuality "1"]

1. e4 c5 2. Nc3 Nc6 3. g3 g6 4. Bg2 Bg7 5. d3 d6 6. f4 e6 7. Nf3 Nge7 8. 0-0 0-0 9. Be3 b6 10. Bf2 Ba6 11. Qd2 Qd7 12. Rab1 Rae8 13. Rfe1 e5 14. f5 gxf5 15. Bh3 Nd4 16. Nh4 Ng6 17. Bxd4 Nxh4 18. gxh4 exd4 19. Nd5 Qd8 20. Bxf5 Re5 21. Kh1 Rxf5 22. exf5 Bb7 23. Qg2 Kh8 24. Rg1 Bf6 25. c4 dxc3 26. bxc3 Bxc3 27. f6 Rg8 28. Qe4 Qa8 29. Rxg8+ Qxg8 30. Rf1 Be5 31. Rf5 Qa8 32. Kg1 Bxd5 33. Qg4 Qf8 34. Rh5 Be6 35. Qe4 h6 36. Qf3 Qg8+ 0-1

[Event "Haarlem BDO-A"]
[Site "Haarlem"]
[Date "2011.08.28"]
[Round "9"]
[White "Nijboer, Friso"]
[Black "De Jager, Jaap"]
[Result "1-0"]
[WhiteElo "2546"]
[BlackElo "2395"]
[PlyCount "87"]
[EventDate "2011.08.20"]
[EventType "tourn"]
[EventRounds "9"]
[EventCountry "NED"]
[EventCategory "10"]
[SourceTitle "CBM 144 Extra"]
[Source "ChessBase"]
[SourceDate "2011.10.28"]
[SourceVersion "1"]
[SourceVersionDate "2011.10.28"]
[SourceQuality "1"]

1. e4 e6 2. d4 d5 3. Nc3 Nf6 4. Bg5 dxe4 5. Nxe4 Be7 6. Bxf6 Bxf6 7. Nf3 Nd7 8. Qd2 0-0 9. 0-0-0 Be7 10. Bd3 c5 11. Nxc5 Nxc5 12. dxc5 Qd5 13. Kb1 Qxc5 14. h4 a5 15. Ng5 h6 16. Ne4 Qc7 17. g4 f5 18. gxf5 exf5 19. Nc3 Be6 20. Qe3 Qc8 21. Rhg1 Rf6 22. Nb5 Bf8 23. Qe5 Kh8 24. Nd4 Bd7 25. Bb5 a4 26. Bxd7 Qxd7 27. Nb5 Qf7 28. Rge1 Rc8 29. Nd4 a3 30. b3 b6 31. Ne6 Bb4 32. Re2 Bc3 33. Qd5 Qh5 34. Qd7 Rg8 35. Qd3 Bb2 36. Rh1 Qf7 37. Nf4 Rc8 38. h5 Rfc6 39. Ng6+ Kh7 40. Ne7 Rc3 41. Qd6 Rf8 42. Qxb6 f4 43. Qd6 Rf3 44. Qc6 1-0

[Event "Haarlem BDO-A"]
[Site "Haarlem"]
[Date "2011.08.22"]
[Round "3"]
[White "Bosboom, Manuel"]
[Black "De Jager, Jaap"]
[Result "0-1"]
[WhiteElo "2399"]
[BlackElo "2395"]
[PlyCount "76"]
[EventDate "2011.08.20"]
[EventType "tourn"]
[EventRounds "9"]
[EventCountry "NED"]
[EventCategory "10"]
[SourceTitle "CBM 144 Extra"]
[Source "ChessBase"]
[SourceDate "2011.10.28"]
[SourceVersion "1"]
[SourceVersionDate "2011.10.28"]
[SourceQuality "1"]

1. b3 e5 2. Bb2 Nc6 3. c4 Nf6 4. Nf3 e4 5. Nd4 Bc5 6. Nc2 0-0 7. e3 Re8 8. Be2 d5 9. cxd5 Nxd5 10. Nc3 Bf5 11. Na4 Bf8 12. 0-0 Qg5 13. Rc1 Bh3 14. Ne1 Rad8 15. Kh1 Bc8 16. a3 Qh4 17. g3 Qh3 18. Rg1 Rd6 19. Rg2 Qh6 20. h4 b6 21. Nc3 Nxc3 22. Bxc3 Ne7 23. Be5 Rc6 24. b4 Rxc1 25. Qxc1 c6 26. Qc2 Nd5 27. Bd4 Bh3 28. Rh2 Qe6 29. h5 h6 30. Ng2 Rc8 31. Ba6 Rc7 32. Bc4 Bg4 33. Kg1 Bd6 34. Rh4 Qf5 35. Qb2 Bf8 36. b5 c5 37. Be5 Rd7 38. Bb8 Be7 0-1

[Event "NED-chT 0910"]
[Site "Netherlands"]
[Date "2009.10.31"]
[Round "2.9"]
[White "Van Kerkhof, David"]
[Black "De Jager, Jaap"]
[Result "0-1"]
[WhiteElo "2219"]
[BlackElo "2368"]
[PlyCount "147"]
[EventDate "2009.09.26"]
[EventType "team"]
[EventRounds "9"]
[EventCountry "NED"]
[SourceTitle "EXT 2010"]
[Source "ChessBase"]
[SourceDate "2010.11.25"]
[SourceVersion "1"]
[SourceVersionDate "2010.11.25"]
[SourceQuality "1"]
[WhiteTeam "Calder HMC"]
[BlackTeam "Enschede Braceland"]
[WhiteTeamCountry "NED"]
[BlackTeamCountry "NED"]

1. e4 e6 2. d4 d5 3. Nc3 Nf6 4. e5 Nfd7 5. f4 c5 6. Nf3 Nc6 7. Be3 cxd4 8. Nxd4 Bc5 9. Qd2 0-0 10. 0-0-0 a6 11. Qf2 Bxd4 12. Bxd4 b5 13. Bd3 b4 14. Ne2 a5 15. Qg3 Ba6 16. f5 Bxd3 17. Rxd3 exf5 18. e6 Nxd4 19. Nxd4 Nc5 20. Re3 f4 21. Qxf4 fxe6 22. Qg4 Qd7 23. Rhe1 Rf6 24. h4 Rc8 25. Qh3 e5 26. Qg3 Ne4 27. Qxe5 Re8 28. Qh5 g6 29. Qd1 a4 30. Nf3 Qc6 31. Ng5 Rf2 32. R1e2 Rxe2 33. Qxe2 h6 34. Nxe4 dxe4 35. b3 axb3 36. axb3 Kg7 37. Qc4 Qxc4 38. bxc4 Kf6 39. Kd2 Rd8+ 40. Ke2 Rd4 41. c5 Rc4 42. Kd2 Kf5 43. Rb3 Kg4 44. c6 Kxh4 45. c7 Rxc7 46. Rxb4 Re7 47. Rb3 Kg4 48. c4 Rc7 49. Rc3 Kf4 50. c5 Rc6 51. g3+ Ke5 52. Ke3 Kd5 53. g4 Rf6 54. Rc1 Rf3+ 55. Ke2 Kc6 56. Rh1 Rf4 57. Rxh6 Rxg4 58. Ke3 Kxc5 59. Rh8 Kd5 60. Rd8+ Ke5 61. Re8+ Kf5 62. Rf8+ Kg5 63. Rh8 Rf4 64. Rg8 Rf7 65. Kxe4 Kh5 66. Ke3 g5 67. Rh8+ Kg4 68. Rh1 Rf5 69. Rg1+ Kh3 70. Ke4 Ra5 71. Kf3 g4+ 72. Kf4 Ra4+ 73. Ke3 Kh2 74. Rf1 0-1

[Event "Haarlem BDO-B"]
[Site "Haarlem"]
[Date "2009.08.22"]
[Round "8"]
[White "De Jager, Jaap"]
[Black "Van Ojik, Mark"]
[Result "1-0"]
[WhiteElo "2358"]
[BlackElo "2245"]
[PlyCount "47"]
[EventDate "2009.08.15"]
[EventType "tourn"]
[EventRounds "9"]
[EventCountry "NED"]
[EventCategory "4"]
[SourceTitle "CBM 131 Extra"]
[Source "ChessBase"]
[SourceDate "2009.09.03"]
[SourceVersion "2"]
[SourceVersionDate "2009.09.16"]
[SourceQuality "1"]

1. e4 e5 2. Bc4 Nc6 3. Nc3 d6 4. f4 exf4 5. Nf3 h6 6. 0-0 g5 7. g3 Bg7 8. gxf4 g4 9. Ne1 Nf6 10. d4 d5 11. exd5 Ne7 12. Ng2 0-0 13. Ne3 Rb8 14. a4 c6 15. dxc6 bxc6 16. Ne2 Re8 17. c3 Ned5 18. Nxd5 Nxd5 19. Ng3 Bf6 20. f5 Kh7 21. Qxg4 Re7 22. Bxh6 Kxh6 23. Bxd5 Qxd5 24. Qh3+ 1-0

[Event "NED-chT 0809"]
[Site "Netherlands"]
[Date "2009.04.18"]
[Round "8.5"]
[White "Willemze, Jeroen"]
[Black "De Jager, Jaap"]
[Result "1/2-1/2"]
[WhiteElo "2418"]
[BlackElo "2361"]
[PlyCount "117"]
[EventDate "2008.09.27"]
[EventType "team-tourn"]
[EventRounds "9"]
[EventCountry "NED"]
[SourceTitle "EXT 2010"]
[Source "ChessBase"]
[SourceDate "2010.11.25"]
[SourceVersion "1"]
[SourceVersionDate "2010.11.25"]
[SourceQuality "1"]
[WhiteTeam "Utrecht"]
[BlackTeam "Enschede ESGOO"]
[WhiteTeamCountry "NED"]
[BlackTeamCountry "NED"]

1. e4 Nf6 2. e5 Nd5 3. d4 d6 4. exd6 exd6 5. c4 Nb6 6. Bd3 Nc6 7. Be3 Nb4 8. Nc3 Nxd3+ 9. Qxd3 c6 10. d5 cxd5 11. cxd5 Be7 12. Nge2 0-0 13. Ng3 Re8 14. 0-0 Bd7 15. Nce4 Na4 16. Bd4 Nc5 17. Bxc5 dxc5 18. Qe3 Bf8 19. Rfe1 Qh4 20. h3 b6 21. Qf3 Re5 22. Nc3 Rae8 23. Rxe5 Rxe5 24. Rd1 Bd6 25. Nce4 Qe7 26. Qd3 f5 27. Nxd6 Qxd6 28. f4 Re8 29. Nxf5 Qxf4 30. Rf1 Bxf5 31. Qxf5 Qxf5 32. Rxf5 Re2 33. d6 Rd2 34. Re5 Rxd6 35. Re7 Rd2 36. Rxa7 Rxb2 37. a4 c4 38. Kh2 c3 39. Rc7 c2 40. Kg3 Kf8 41. Kf3 Ke8 42. Ke4 Kd8 43. Rc3 Kd7 44. Kd5 c1Q 45. Rxc1 Rxg2 46. Rf1 Rg5+ 47. Kc4 Kc6 48. Rf4 Rc5+ 49. Kb4 Rd5 50. Kc4 g5 51. Rf8 Rc5+ 52. Kb4 h5 53. Rf6+ Kb7 54. Rg6 Rf5 55. Rg8 Rf3 56. Rxg5 Rxh3 57. Kb5 Rb3+ 58. Kc4 Ra3 59. Kb4 1/2-1/2

[Event "NED-chT 0809"]
[Site "Netherlands"]
[Date "2008.11.22"]
[Round "3.1"]
[White "Pruijssers, Roeland"]
[Black "De Jager, Jaap"]
[Result "1-0"]
[WhiteElo "2458"]
[BlackElo "2361"]
[PlyCount "51"]
[EventDate "2008.09.27"]
[EventType "team-tourn"]
[EventRounds "9"]
[EventCountry "NED"]
[SourceTitle "EXT 2010"]
[Source "ChessBase"]
[SourceDate "2010.11.25"]
[SourceVersion "1"]
[SourceVersionDate "2010.11.25"]
[SourceQuality "1"]
[WhiteTeam "Homburg Apeldoorn"]
[BlackTeam "Enschede ESGOO"]
[WhiteTeamCountry "NED"]
[BlackTeamCountry "NED"]

1. e4 e6 2. d4 d5 3. Nc3 Nf6 4. e5 Nfd7 5. f4 c5 6. Nf3 Nc6 7. Be3 cxd4 8. Nxd4 Bc5 9. Qd2 0-0 10. 0-0-0 a6 11. Qf2 Bb4 12. Nce2 Na5 13. Ng3 Be7 14. Kb1 Qc7 15. Bd3 b5 16. Nh5 g6 17. Ng3 Nc4 18. Bc1 Nc5 19. h4 Na4 20. Nge2 b4 21. h5 g5 22. Qg3 f6 23. fxg5 fxe5 24. g6 Bf6 25. Rdf1 Bd7 26. g7 1-0

[Event "NED-chT 0809"]
[Site "Netherlands"]
[Date "2008.11.01"]
[Round "2.5"]
[White "De Jager, Jaap"]
[Black "Peng, Zhaoqin"]
[Result "1-0"]
[WhiteElo "2361"]
[BlackElo "2462"]
[PlyCount "83"]
[EventDate "2008.09.27"]
[EventType "team-tourn"]
[EventRounds "9"]
[EventCountry "NED"]
[SourceTitle "CBM 127 Extra"]
[Source "ChessBase"]
[SourceDate "2009.01.08"]
[SourceVersion "2"]
[SourceVersionDate "2009.01.28"]
[SourceQuality "1"]
[WhiteTeam "Enschede ESGOO"]
[BlackTeam "Rotterdam Schrijvers"]
[WhiteTeamCountry "NED"]
[BlackTeamCountry "NED"]

1. c4 e5 2. g3 Nf6 3. Bg2 d5 4. cxd5 Nxd5 5. Nf3 Nc6 6. 0-0 Be7 7. d4 e4 8. Ne5 f5 9. Nxc6 bxc6 10. Qa4 Bd7 11. Nc3 c5 12. Qb3 Nxc3 13. bxc3 Rb8 14. Qd5 c6 15. Qc4 cxd4 16. cxd4 Qa5 17. Be3 Rb4 18. Qc1 Qb5 19. Bg5 Bd6 20. Bf4 Be7 21. a3 Rb3 22. e3 0-0 23. Rd1 Be6 24. a4 Qd5 25. Rb1 Rb4 26. a5 Rc8 27. a6 h6 28. h4 Kh7 29. Rxb4 Bxb4 30. Qb1 Qb5 31. Rc1 Ba3 32. Bf1 Qxb1 33. Rxb1 c5 34. dxc5 Bxc5 35. Rb7 Re8 36. Be5 Re7 37. Bd4 Bc8 38. Bxc5 Rxb7 39. axb7 Bxb7 40. Bxa7 h5 41. Bc4 g6 42. Bd4 1-0

[Event "NED-chT 0809"]
[Site "Netherlands"]
[Date "2008.09.27"]
[Round "1.7"]
[White "Ris, Robert"]
[Black "De Jager, Jaap"]
[Result "0-1"]
[WhiteElo "2415"]
[BlackElo "2361"]
[PlyCount "74"]
[EventDate "2008.09.27"]
[EventType "team-tourn"]
[EventRounds "9"]
[EventCountry "NED"]
[SourceTitle "CBM 127 Extra"]
[Source "ChessBase"]
[SourceDate "2009.01.08"]
[SourceVersion "2"]
[SourceVersionDate "2009.01.28"]
[SourceQuality "1"]
[WhiteTeam "Groningen Hotels"]
[BlackTeam "Enschede ESGOO"]
[WhiteTeamCountry "NED"]
[BlackTeamCountry "NED"]

1. e4 e6 2. d4 d5 3. Nd2 Be7 4. Ngf3 Nf6 5. Bd3 c5 6. e5 Nfd7 7. c3 Nc6 8. 0-0 a5 9. Re1 cxd4 10. cxd4 Qb6 11. Nb1 Nxd4 12. Nxd4 Qxd4 13. Nc3 Bc5 14. Nb5 Qxf2+ 15. Kh1 0-0 16. Bg5 Bb6 17. Qh5 g6 18. Qh6 Bd8 19. Bxd8 Rxd8 20. Rf1 Qxb2 21. Rae1 Rf8 22. Nc7 Nxe5 23. Bb1 Rb8 24. Qf4 Nc6 25. Ne8 f5 26. Nc7 Qf6 27. Qd6 Rd8 28. Qc5 Kf7 29. Bc2 Qe7 30. Qe3 Qxc7 31. g4 Kg8 32. gxf5 exf5 33. Qg5 Qf7 34. h4 Be6 35. h5 Rf8 36. hxg6 hxg6 37. Rg1 Kg7 0-1

[Event "PKS op-A"]
[Site "Netherlands"]
[Date "2003.??.??"]
[Round "?"]
[White "De Graaf, Dick"]
[Black "De Jager, Jaap"]
[Result "1-0"]
[WhiteElo "2058"]
[BlackElo "2308"]
[PlyCount "57"]
[EventDate "2003.??.??"]
[EventType "swiss"]
[EventRounds "9"]
[EventCountry "NED"]
[SourceTitle "EXT 2009"]
[Source "ChessBase"]
[SourceDate "2008.11.26"]
[SourceVersion "1"]
[SourceVersionDate "2008.11.26"]
[SourceQuality "1"]

1. e4 c6 2. d4 d5 3. Nc3 dxe4 4. Nxe4 Bf5 5. Ng3 Bg6 6. Nf3 h6 7. h4 Nf6 8. h5 Bh7 9. Bd3 Bxd3 10. Qxd3 e6 11. Ne4 Nbd7 12. Bf4 Nd5 13. Bg3 N7f6 14. 0-0-0 Qa5 15. Kb1 Nxe4 16. Qxe4 Ba3 17. Rd3 Be7 18. Ne5 Nf6 19. Qe2 Qd5 20. f3 0-0 21. Rh3 Rad8 22. Bf4 Qb5 23. c4 Qb6 24. Qd2 Bb4 25. Qe3 c5 26. Bxh6 cxd4 27. Qg5 Ne8 28. Bxg7 Be7 29. Bf6+ 1-0